Der Mann von Welt (Record no. 6813)

MARC details
000 -CABECERA
campo de control de longitud fija 00588nam a2200217 a 4500
001 - NÚMERO DE CONTROL
campo de control BRCA_7132
005 - FECHA Y HORA DE LA ÚLTIMA TRANSACCIÓN
campo de control 20190321142929.0
008 - DATOS DE LONGITUD FIJA--INFORMACIÓN GENERAL
campo de control de longitud fija 110112s1919----gw-a######---#000-0#ger-#
041 ## - CÓDIGO DE LENGUA
Código de lengua del texto/banda sonora o título independiente ger
044 ## - CÓDIGO DEL PAÍS DE LA ENTIDAD EDITORA/PRODUCTORA
Código MARC del país gw
050 #4 - SIGNATURA TOPOGRÁFICA DE LA BIBLIOTECA DEL CONGRESO
Número de documento/Ítem .K64 1911
100 1# - ENTRADA PRINCIPAL--NOMBRE DE PERSONA
Nombre de persona Koebner, Franz Wolfgang
9 (RLIN) 17717
245 10 - MENCIÓN DE TÍTULO
Título Der Mann von Welt
Resto del título ein Herrenbrevier
Mención de responsabilidad, etc. herausgegeben von F. W. Koebner.
260 ## - PUBLICACIÓN, DISTRIBUCIÓN, ETC.
Lugar de publicación, distribución, etc. Berlín
Nombre del editor, distribuidor, etc. Dr. Eysler & Co.
Fecha de publicación, distribución, etc. 1919
300 ## - DESCRIPCIÓN FÍSICA
Extensión 135 p.
Otras características físicas il.
Dimensiones 22 cm.
500 ## - NOTA GENERAL
Nota general Estado físico: parte del lomo roto
500 ## - NOTA GENERAL
Nota general O167
650 14 - PUNTO DE ACCESO ADICIONAL DE MATERIA--TÉRMINO DE MATERIA
Término de materia o nombre geográfico como elemento de entrada Ficción
9 (RLIN) 16263
902 ## - CATALOGADOR
Iniciales GFM
942 ## - ELEMENTOS DE PUNTO DE ACCESO ADICIONAL (KOHA)
Fuente del sistema de clasificación o colocación Library of Congress Classification
Tipo de ítem Koha Libros
Holdings
Estado de retiro Estado de pérdida Estado dañado No para préstamo Localización permanente Ubicación/localización actual Fecha de adquisición Número de inventario Total de préstamos Signatura topográfica completa Código de barras Fecha visto por última vez Precio válido a partir de Tipo de ítem Koha
El ejemplar forma parte de la colección y puede ser consultado según las políticas vigentes.       Biblioteca del Museo Franz Mayer (Rogerio Casas-Alatriste) Biblioteca del Museo Franz Mayer (Rogerio Casas-Alatriste) 11/01/2012 O167   .K64 1911 (O167) 7579 22/03/2019 22/03/2019 Libros